| 000 | 00779nam a22002657a 4500 | ||
|---|---|---|---|
| 001 | 000052001 | ||
| 003 | DO-SdBNP | ||
| 005 | 20180126112147.0 | ||
| 007 | 000052001 | ||
| 008 | 160609b 1989 ag xxu||||| |||| 00| 0 spa d | ||
| 040 |
_aBPMSU _bspa _cBPMSU |
||
| 092 |
_axxxxxx _bxxxxxx |
||
| 100 | 1 |
_aCollins, Joan _d1933- |
|
| 240 | 1 | 0 |
_aPrime time. _lEspañol. |
| 245 | 1 | 0 |
_aLa hora del éxito / _cJoan Collins ; traducción Gloria Pous ; revisada por M. C. |
| 260 |
_aBuenos Aires, Argentina : _bEmecé, _c1989. |
||
| 300 |
_a286 p. ; _c20 cm. |
||
| 490 | 1 | _aGrandes novelistas | |
| 700 | 1 |
_aPous, Gloria _etrad. |
|
| 700 | 1 |
_aM.C. _erev. |
|
| 830 | 0 | _aGrandes novelistas | |
| 942 |
_2ddc _cBK |
||
| 945 | _aInventariado, 2018 / YL | ||
| 956 |
_aLOPEREZ _b10 _cBPMSU |
||
| 999 |
_c10341 _d10341 |
||